000 00361nam a2200145 a 4500
005 20140412111325.0
008 110117s19uu xx 00 eng d
020 _a0-590-72844-x
050 _aBB
_bLo872 1988
100 _aHoban, Tana
245 _aLook! Look! Look! /
_cTana Hoban.
260 _aNY :
_bScholastic,
_c1988.
300 _aunp.
999 _c104619
_d104619